Colección de las causas más célebres, los mejores modelos de alegatos, acusaciones fiscales, interrogatorios y defenas en lo civil y criminal del foro francés

Salvato in:
Dettagli Bibliografici
Ente Autore: Sociedad Literaria de Amigos Colaboradores (Autore)
Natura: Libro
Lingua:spagnolo
Pubblicazione: Barcelona Ignacio Estivill 1845
Edizione:2a. ed
Soggetti:
Tags: Aggiungi Tag
Nessun Tag, puoi essere il primo ad aggiungerne!!

MARC

LEADER 00000nam a2200000 a 4500
001 UCR2423
003 CL-VaPUC
008 980112e18450000SP |||||||||||||||||spa|d
082 0 4 |a 347.077  |b SOC  |2 21 
110 2 |a Sociedad Literaria de Amigos Colaboradores  |e author  |9 400246 
245 1 0 |a Colección de las causas más célebres, los mejores modelos de alegatos, acusaciones fiscales, interrogatorios y defenas en lo civil y criminal del foro francés 
250 |a 2a. ed 
300 |a v 
942 |c BK 
945 |d 19980112 00:00:00  |a cmena 
260 |a Barcelona  |b Ignacio Estivill  |c 1845 
500 |a v.3: Foro francés, inglés y español 
500 |a v.6: Foro francés, inglés y español 
650 0 |a Juicios   |9 327339 
650 0 |a Derecho francés  |9 385145 
650 0 |a Justicia   |9 255408 
650 0 |a Tribunales de justicia   |9 328494 
650 0 |a Historia del derecho  |9 255109 
650 0 |a Derecho civil  |9 255013 
650 7 |a DERECHO PENAL  |2 CL-VaPUC  |9 11 
651 0 |a Francia  |9 255157 
583 |a last modification  |c 19980112 00:00:00  |k Rodrigo Vera 
999 |c 265590  |d 265588 
952 |0 0  |1 0  |4 0  |6 347_077000000000000_SOC_1845  |7 0  |8 X  |9 296578  |a BIBDER  |b BIBDER  |d 2019-11-20  |h v.1  |i 1930125  |o 347.077 SOC 1845  |p 1930125  |r 2023-01-25  |w 2019-11-20  |y BK_X  |k DER 
952 |0 0  |1 0  |4 0  |6 347_077000000000000_SOC_1845  |7 0  |8 X  |9 296579  |a BIBDER  |b BIBDER  |d 2019-11-20  |h v.2  |i 1930133  |o 347.077 SOC 1845  |p 1930133  |r 2023-01-25  |w 2019-11-20  |y BK_X  |k DER 
952 |0 0  |1 0  |4 0  |6 347_077000000000000_SOC_1845  |7 0  |8 X  |9 296580  |a BIBDER  |b BIBDER  |d 2019-11-20  |h v.3  |i 1930141  |o 347.077 SOC 1845  |p 1930141  |r 2023-01-25  |w 2019-11-20  |y BK_X  |k DER 
952 |0 0  |1 0  |4 0  |6 347_077000000000000_SOC_1845  |7 0  |8 X  |9 296581  |a BIBDER  |b BIBDER  |d 2019-11-20  |h v.4  |i 193015K  |o 347.077 SOC 1845  |p 193015K  |r 2023-01-25  |w 2019-11-20  |y BK_X  |k DER 
952 |0 0  |1 0  |4 0  |6 347_077000000000000_SOC_1845  |7 0  |8 X  |9 296582  |a BIBDER  |b BIBDER  |d 2019-11-20  |h v.5  |i 1930168  |o 347.077 SOC 1845  |p 1930168  |r 2023-01-25  |w 2019-11-20  |y BK_X  |k DER 
952 |0 0  |1 0  |4 0  |6 347_077000000000000_SOC_1845  |7 0  |8 X  |9 296583  |a BIBDER  |b BIBDER  |d 2019-11-20  |h v.6  |i 1959018  |o 347.077 SOC 1845  |p 1959018  |r 2023-01-25  |w 2019-11-20  |y BK_X  |k DER 
952 |0 0  |1 0  |4 0  |6 347_077000000000000_SOC_1845  |7 0  |8 X  |9 296584  |a BIBDER  |b BIBDER  |d 2019-11-20  |h v.7  |i 1930176  |o 347.077 SOC 1845  |p 1930176  |r 2023-01-25  |w 2019-11-20  |y BK_X  |k DER